Advanced chemical calculations.

Bibliographic Details
Main Author: Smith, Sylvanus Joseph
Format: Book
Language:English
Published: London : Macmillan, 1950.
Subjects:

MARC

Tag First Indicator Second Indicator Subfields
LEADER 00000cam a2200000 4500
001 in00000049523
005 20151007071750.0
008 730326s1950 enk 00000 eng u
010 |a a 51009808  
035 |a (OCoLC)00587616 
035 |9 AAE6598AM 
040 |c CSU  |d TXA  |d UtOrBLW 
049 |a TXAM  |c [179808] 
090 |a QD42  |b .S6 
092 |a 540.76  |b S661a 
100 1 |a Smith, Sylvanus Joseph. 
245 1 0 |a Advanced chemical calculations. 
264 1 |a London :  |b Macmillan,  |c 1950. 
300 |a viii, 454 pages ;  |c 23 cm. 
336 |a text  |b txt  |2 rdacontent 
337 |a unmediated  |b n  |2 rdamedia 
338 |a volume  |b nc  |2 rdacarrier 
650 0 |a Chemistry  |v Problems, exercises, etc. 
999 |a MARS 
999 f f |s 3acb0b84-6b99-39cc-9c6a-ea2f6f2f0075  |i bf61134a-6feb-3b97-a6ac-3b378c9e2cb5  |t 0 
952 f f |p ric  |a Texas A&M University  |b Rellis Campus  |c Joint Library Facility  |d Remote Storage  |t 0  |e QD42 .S6  |h Library of Congress classification  |i unmediated -- volume  |m A14800932880 
998 f f |a QD42 .S6  |t 0  |l Remote Storage